Statistics for UK Birds of Prey by Picture

Click here to take the quiz!

General Stats

  • This quiz has been taken 363 times
  • The average score is 10 of 15

Answer Stats

Answer% Correct
Barn owl
94%
Kestrel
82%
Peregrine falcon
80%
Osprey
77%
Buzzard
76%
Golden eagle
75%
Tawny owl
74%
Red kite
71%
Sparrowhawk
68%
Little owl
51%
Merlin
48%
White-tailed eagle
44%
Hobby
43%
Hen harrier
37%
Marsh harrier
37%

Score Distribution

Percentile by Number Answered

Percent of People with Each Score

Your Score History

You have not taken this quiz